Sports Quiz

Random Sports or WWE Quiz

WWE Royal Rumble Entrant #2 Quiz Stats

Quiz not verified by Sporcle

Challenge
Share
Tweet
Embed
Score 0/30 Timer 10:00
0 Plays Today
Hint Answer % Correct
2008Shawn Michaels
87.2%
2003Chris Jericho
84.6%
2013Chris Jericho
84.6%
2016Rusev
83.8%
2017Chris Jericho
80%
2006 (Winner)Rey Mysterio
78.6%
2014Seth Rollins
66.7%
2004Randy Orton
65.8%
1999 (Winner)Vince McMahon
63.2%
2005Chris Benoit
62.4%
2011Daniel Bryan
59.8%
1995British Bulldog
58.1%
2015R-Truth
58.1%
2002Goldust
54.7%
2009John Morrison
53%
Hint Answer % Correct
2007Finlay
51.3%
1989Smash
48.7%
2012Alex Riley
47.9%
2010Evan Bourne
45.3%
1998Chainsaw Charlie
43.6%
1992Ted Dibiase
42.7%
2001Bull Buchanan
41.9%
1988Tito Santana
40.2%
1997Ahmed Johnson
40.2%
1993Bob Backlund
38.5%
2000Grand Masta Sexay
37.6%
1990Koko B. Ware
34.2%
1991Dino Bravo
31.6%
1994Samu
31.6%
1996Henry Godwinn
29.1%

You're not logged in!

Compare scores with friends on all Sporcle quizzes.
Sign Up with Email
OR
Log In

You Might Also Like...

Show Comments

Extras

Top Quizzes Today


Score Distribution

Your Account Isn't Verified!

In order to create a playlist on Sporcle, you need to verify the email address you used during registration. Go to your Sporcle Settings to finish the process.